000 00798nam a2200265Ia 4500
001 Z_2274
003 CHAP
008 220113s1995 xx 000 0 und d
010 _a165330
040 _cCHAP
082 _a636.2063 C65 1995
100 _aCongreso Nacional de Buiatría (19: 1995 : Torreón, Coah)
_9139253
245 _aMemorias /
_cpor Asociación Mexicana de Médicos Veterinarios Especialistas en Bovinos
260 _aTorreón, Coah. :
_b Asociación Mexicana de Médicos Veterinarios Especialistas en Bovinos,
_c1995
300 _a527 p.
500 _aContiene 129 trabajos
650 _aBuiatría
_9139254
650 _aGanado vacuno
_xCongresos
_945447
901 _a636.2063 C65 1995
902 _aM
910 _a1995
942 _c1
942 _cc1
999 _c165330
_d165330